NARRATIVA HISPANOAMERICANA 1816-1981 HISTORIA Y ANTOLOGIA (Registro nro. 23755)
[ vista simple ]
| 000 -LEADER | |
|---|---|
| fixed length control field | 00480nam a2200169 a 4500 |
| 001 - CONTROL NUMBER | |
| control field | 23755 |
| 005 - DATE AND TIME OF LATEST TRANSACTION | |
| control field | 20180713221851.0 |
| 008 - FIXED-LENGTH DATA ELEMENTS--GENERAL INFORMATION | |
| fixed length control field | 140415s1981 mx 000 0 spa d |
| 041 ## - LANGUAGE CODE | |
| Language code of text/sound track or separate title | spa |
| 082 ## - DEWEY DECIMAL CLASSIFICATION NUMBER | |
| Classification number | 860.08 |
| Item number | FLO |
| 100 1# - MAIN ENTRY--PERSONAL NAME | |
| Personal name | FLORES, ANGEL |
| 245 10 - TITLE STATEMENT | |
| Title | NARRATIVA HISPANOAMERICANA 1816-1981 HISTORIA Y ANTOLOGIA |
| 250 ## - EDITION STATEMENT | |
| Edition statement | 1a ed. |
| 260 ## - PUBLICATION, DISTRIBUTION, ETC. | |
| Place of publication, distribution, etc. | MEXICO : |
| Name of publisher, distributor, etc. | SIGLO VEINTIUNO EDITORES, |
| Date of publication, distribution, etc. | 1981 |
| 300 ## - PHYSICAL DESCRIPTION | |
| Extent | 3 |
| 650 14 - SUBJECT ADDED ENTRY--TOPICAL TERM | |
| Topical term or geographic name entry element | LITERATURA |
| General subdivision | HISTORIA |
| -- | AMERICA LATINA |
| Withdrawn status | Lost status | Source of classification or shelving scheme | Damaged status | Not for loan | Collection code | Home library | Current library | Shelving location | Date acquired | Source of acquisition | Inventory number | Total Checkouts | Full call number | Barcode | Date last seen | Price effective from | Koha item type |
|---|---|---|---|---|---|---|---|---|---|---|---|---|---|---|---|---|---|
| Dewey Decimal Classification | General | Biblioteca Karol Wojtyla | Biblioteca Karol Wojtyla | Sala general | 03/12/2013 | Compra | 151000000000000000033377 | 860.08 FLO | 4462 | 05/01/2026 | 03/12/2013 | Libro | |||||
| Dewey Decimal Classification | General | Biblioteca Karol Wojtyla | Biblioteca Karol Wojtyla | Sala general | 03/12/2013 | Compra | 151000000000000000033376 | 860.08 FLO | 4461 | 05/01/2026 | 03/12/2013 | Libro | |||||
| Dewey Decimal Classification | General | Biblioteca Karol Wojtyla | Biblioteca Karol Wojtyla | Sala general | 03/12/2013 | Compra | 151000000000000000033323 | 860.08 FLO | 4463 | 05/01/2026 | 03/12/2013 | Libro |